Statistiques concernant Pays d'Afrique en 90 secondes

Cliquez ici pour prendre le quiz!

Statistiques générales

  • Ce quiz a été pris 1 287 fois
  • Le résultat moyen est 38 sur 54

Réponses sur la Carte

Les réponses sont colorées sur une échelle allant du rouge au vert en fonction du pourcentage des utilisateurs qui les ont devinées à leur premier essai. Vous pouvez retrouver ces pourcentages ci-dessous.
 

Statistiques - réponses

pays% Correct
Algérie
97%
Maroc
97%
Égypte
96%
Tunisie
93%
Libye
91%
Mali
90%
Soudan
89%
Congo (Rép Dém)
87%
Niger
87%
Congo
86%
Nigeria
85%
Mauritanie
83%
Afrique du Sud
82%
Tchad
82%
Éthiopie
81%
Sénégal
81%
Somalie
80%
Angola
78%
Guinée
77%
Soudan du Sud
77%
Togo
77%
Kenya
75%
Madagascar
73%
Bénin
72%
Érythrée
71%
Ghana
71%
Namibie
71%
Cameroun
68%
Zambie
67%
Burkina Faso
66%
Gambie
66%
Mozambique
66%
Côte d'Ivoire
65%
Gabon
65%
Tanzanie
65%
Cabo Verde
64%
Rwanda
62%
Djibouti
60%
Lesotho
60%
Guinée-Bissau
59%
Ouganda
59%
Liberia
58%
République
Centrafricaine
57%
Botswana
56%
Sierra Leone
56%
Burundi
55%
Comores
55%
Zimbabwe
55%
Malawi
54%
Swaziland
51%
Sao Tomé-et-
Principe
50%
Guinée
équatoriale
48%
Seychelles
48%
Île Maurice
47%

Distribution des résultats

Percentile par nombre de réponses

% des personnes avec chaque résultat

Votre développement - résultats

Vous n’avez pas pris ce quiz